| 000 | 00704nam a22002057a 4500 | ||
|---|---|---|---|
| 999 |
_c20719 _d20719 |
||
| 005 | 20200124063901.0 | ||
| 008 | 200124b xxu||||| |||| 00| 0 spa d | ||
| 040 |
_aCO-BoIAVH _cCO-BoIAVH |
||
| 041 | _aspa | ||
| 082 |
_a333.9514028 _bSe25c |
||
| 110 | _aSecretaría General de las Naciones Unidas | ||
| 245 |
_aConvenio sobre diversidad biológica. _bTextos y anexos. |
||
| 260 |
_as.l.: _bSecretaria del Convenio sobre la Diversidad Biológica, _c2001. |
||
| 300 |
_a41 Páginas: _c21 x 14 cm. |
||
| 650 | 0 | _aConservación de la diversidad biológica | |
| 650 | 0 | _aRecursos biológicos | |
| 650 | 0 | _aBiodiversidad | |
| 650 | 0 | _aSostenibilidad | |
| 942 |
_2ddc _cLIBRO |
||